| 000 | 00000nam 2200000zi 4500 |
| 001 | 9.929460 |
| 003 | CaOODSP |
| 005 | 20240216152357 |
| 006 | m o d f |
| 007 | cr cn||||||||| |
| 008 | 231025s2013 onc ob f000 0 eng d |
| 040 | |aCaOODSP|beng|erda|cCaOODSP |
| 043 | |an-cn--- |
| 086 | 1 |aBT66-92/2012E-PDF |
| 245 | 00|aFollow-up on the management action plan for the audit of the Canadian Northern Economic Development Agency. |
| 264 | 1|a[Ottawa] : |bTreasury Board of Canada Secretariat = Secrétariat du Conseil du trésor du Canada, |c[2013] |
| 300 | |a1 online resource (18 pages) |
| 336 | |atext|btxt|2rdacontent |
| 337 | |acomputer|bc|2rdamedia |
| 338 | |aonline resource|bcr|2rdacarrier |
| 500 | |aCover title. |
| 500 | |a"Better government: with partners, for Canadians." |
| 500 | |aIssued also in French under title: Suivi du Plan d'action de la gestion pour la vérification de l'Agence canadienne de développement économique du Nord. |
| 504 | |aIncludes bibliographical references (page 18). |
| 520 | |a"The Canadian Northern Economic Development Agency (CanNor) was subject to an internal audit conducted by the Office of the Comptroller General (OCG) in 2011"--Page 1. |
| 610 | 20|aCanadian Northern Economic Development Agency|xAuditing. |
| 650 | 0|aEconomic development|xGovernment policy|zCanada. |
| 710 | 1 |aCanada. |bTreasury Board, |eissuing body. |
| 775 | 08|tSuivi du Plan d'action de la gestion pour la vérification de l'Agence canadienne de développement économique du Nord.|w(CaOODSP)9.934076 |
| 856 | 40|qPDF|s145 KB|uhttps://publications.gc.ca/collections/collection_2024/sct-tbs/BT66-92-2012-eng.pdf |
| 856 | 4 |qHTML|sN/A|uhttps://www.cannor.gc.ca/eng/1399404903761/1399405016337 |